[Event "Catalunya-chT Gp2"]
[Site "Barcelona"]
[Date "2022.03.19"]
[Round "9.10"]
[White "Gensana Berzunces, Joan"]
[Black "Ortega Papaseit, Carlos"]
[Result "1/2-1/2"]
[WhiteElo "1869"]
[BlackElo "1830"]
[PlyCount "94"]
[EventDate "2022.01.22"]
[EventType "team-tourn"]
[EventRounds "9"]
[EventCountry "ESP"]
[SourceTitle "CBM 208 Extra"]
[Source "ChessBase"]
[SourceDate "2022.07.31"]
[SourceVersion "1"]
[SourceVersionDate "2022.07.31"]
[SourceQuality "1"]
[WhiteTeam "Lleida"]
[BlackTeam "Salauris"]
[WhiteTeamCountry "ESP"]
[BlackTeamCountry "ESP"]

1. d4 d5 2. c4 e5 3. dxe5 d4 4. a3 Nc6 5. e3 Nge7 6. Nf3 Bg4 7. Be2 dxe3 8. Qxd8+ Rxd8 9. Bxe3 Ng6 10. Nbd2 Ngxe5 11. Nxe5 Nxe5 12. Bxg4 Nxg4 13. 0-0-0 Nxe3 14. Rhe1 Bc5 15. fxe3 0-0 16. Nf3 a5 17. Kc2 Rfe8 18. Rd3 Rxd3 19. Kxd3 f6 20. e4 Kf7 21. Kc3 Bd6 22. b4 axb4+ 23. axb4 b6 24. h3 Ra8 25. Kb3 Ke6 26. Rd1 g5 27. Rd5 Be5 28. Rd2 Ra1 29. Ra2 Rb1+ 30. Ka4 Bd6 31. Nd4+ Ke5 32. Nb3 h5 33. c5 bxc5 34. bxc5 Be7 35. Rd2 Re1 36. Kb5 Rxe4 37. Kc6 Rb4 38. Re2+ Kf5 39. Na5 Bf8 40. Nb7 g4 41. hxg4+ Kxg4 42. Re8 Rxb7 43. Rxf8 Ra7 44. Rxf6 Kg3 45. Rf7 Kxg2 46. Rxc7 Rxc7+ 47. Kxc7 h4 1/2-1/2